|
|
|
|
| LEADER |
00923nab a2200229 i 4500 |
| 001 |
misc62378 |
| 005 |
20230118122302.0 |
| 008 |
220414s1964 hu o 0|| eng d |
| 040 |
|
|
|a SZTE Miscellanea Repozitórium
|b hun
|
| 041 |
|
|
|a eng
|
| 100 |
1 |
|
|a Henning Walter Bruno
|
| 245 |
1 |
4 |
|a The survival of an ancient term
|h [elektronikus dokumentum] /
|c Henning Walter Bruno
|
| 260 |
|
|
|a Harrassowitz
|b Wiesbaden
|c 1964
|
| 300 |
|
|
|a 95-97
|c 24 cm
|
| 300 |
|
|
|a [3] p.
|c 24 cm
|
| 490 |
0 |
|
|a Indo-iranica : mélanges présentés à Georg Morgenstierne a l'occasion de son soixante-dixième anniversaire
|
| 561 |
|
|
|a Németh Gyula hagyaték
|
| 591 |
|
|
|a LOP 1522; NOP 2312
|
| 650 |
|
4 |
|a Bölcsészettudományok
|
| 650 |
|
4 |
|a Nyelvek és irodalom
|
| 695 |
|
|
|a Iráni nyelvek - szókészlettan - rokonsági terminusok, Etimológia - iráni nyelvek
|
| 856 |
4 |
0 |
|u http://misc.bibl.u-szeged.hu/62378/1/2312_nov_h60.pdf
|z Dokumentum-elérés
|